| 000 | 00660nam a2200193 i 4500 | ||
|---|---|---|---|
| 001 | 76796 | ||
| 003 | ES-MaACL | ||
| 005 | 20250728042309.0 | ||
| 007 | t| | ||
| 008 | 041005s1957 sp af |||| | spa d | ||
| 100 | 1 |
_aGuida, S. _960653 |
|
| 245 | 1 | 3 |
_aEl fotolibro _b: prisma nº 3 : guía enciclopédica para aficionados y profesionales de la fotografía / _cS. Guida ; [traducido por Ramón Fortet Gay]. |
| 260 |
_aBarcelona : _bHoepli, _c1957 ( _fClarasó) |
||
| 300 |
_a383 p., 4 lám. : _bil. ; _c20 cm. |
||
| 650 | 7 |
_aFotografía- _xTécnica _2 _9150981 |
|
| 700 | 1 |
_aFortet Gay, Ramón. _951856 |
|
| 852 |
_aES-MaACL _jC-12973 |
||
| 999 |
_c76796 _d76796 |
||